Countries with a gold medal on winter olympics - Statistics

General Stats
  • This quiz has been taken 1,532 times
    761 since last reset
  • The average score is 32 of 38
Answer Stats
# Answer % Correct
113 United States
99%
148 Norway
97%
65 Sweden
97%
77 Canada
96%
22 China
96%
45 Finland
96%
12 Great Britain
96%
55 Russia
96%
41 France
95%
112 Germany
95%
42 Italy
95%
17 Japan
94%
63 Switzerland
93%
1 Spain
91%
71 Austria
90%
33 South Korea
90%
6 Australia
88%
53 Netherlands
88%
7 Poland
87%
2 Belgium
85%
10 Czech Republic
85%
4 Slovakia
84%
3 Ukraine
83%
1 Latvia
82%
2 New Zealand
82%
4 Slovenia
82%
4 Estonia
81%
78 Soviet Union
79%
2 Hungary
78%
8 Belarus
77%
4 Croatia
76%
1 Bulgaria
70%
1 Kazakhstan
69%
39 East Germany
62%
2 Liechtenstein
58%
2 Czechoslovakia
55%
11 West Germany
49%
1 Uzbekistan
43%
No matching quizzes found
Score Distribution
Percent of People with Each Score
Percentile by Number Answered
Your Score History
You have not taken this quiz since the last reset